Zbrush: Digital Sculpting & Texturing Lecture Companion (Record no. 7380)

000 -LEADER
fixed length control field 00419nam a22001697a 4500
003 - CONTROL NUMBER IDENTIFIER
control field OSt
005 - DATE AND TIME OF LATEST TRANSACTION
control field 20190926103237.0
008 - FIXED-LENGTH DATA ELEMENTS--GENERAL INFORMATION
fixed length control field 190926b ||||| |||| 00| 0 eng d
040 ## - CATALOGING SOURCE
Transcribing agency clc
082 ## - DEWEY DECIMAL CLASSIFICATION NUMBER
Classification number 770
Item number MAA/z
100 ## - MAIN ENTRY--PERSONAL NAME
Personal name MAAC
245 ## - TITLE STATEMENT
Title Zbrush: Digital Sculpting & Texturing Lecture Companion
250 ## - EDITION STATEMENT
Edition statement 1st
260 ## - PUBLICATION, DISTRIBUTION, ETC.
Place of publication, distribution, etc. Mumbai
Name of publisher, distributor, etc. Maya Academy of Advanced Cinematics
Date of publication, distribution, etc. 2006
300 ## - PHYSICAL DESCRIPTION
Extent 125p.
942 ## - ADDED ENTRY ELEMENTS (KOHA)
Koha item type Book
952 ## - LOCATION AND ITEM INFORMATION (KOHA)
Lost status
Holdings
Withdrawn status Collection code Permanent Location Current Location Cost, normal purchase price Full call number Accession no. Koha item type
  School of Animation (Noida) MUIT-NOIDA MUIT-NOIDA 150.00 770 MAA/Z ANM00384 Donated Books

All Rights Reserved@MUIT

Powered by Koha